| 000 | 00843nam a2200205 a 4500 | ||
|---|---|---|---|
| 001 | 000030548 | ||
| 003 | DO-SdBNP | ||
| 005 | 20240229073937.0 | ||
| 007 | ta | ||
| 008 | 110523s1946 dr 000 | spa d | ||
| 040 |
_aDO-SdBNP _bspa _cBNPHU |
||
| 082 |
_axxx _bT866d |
||
| 100 | 1 |
_aTrujillo Molina, Rafael Leónidas, _d 1891-1961 _976764 |
|
| 245 | 1 | 0 | _aDiscurso pronunciado por su excelencia el Dr. Rafael L. Trujillo Molina, presidente de la República Dominicana, al recibir el homenaje de adhesión y gratitud que le rindieron los estudiantes de la Universidad de Santo Domingo en el Palacio Nacional, la tarde del día 13 de marzo de 1946. / |
| 260 |
_aCiudad Trujillo, República Dominicana : _bEditora Montalvo, _c1946. |
||
| 300 |
_a13 p. : _c23 cm. |
||
| 590 | _aInventariado, 2022/ YL | ||
| 910 | _aYLockward | ||
| 942 |
_2ddc _cLF2 |
||
| 999 |
_c30040 _d30040 |
||